30 jeux vidéo à compléter - 2010 - Statistiques

Statistiques générales
  • Ce quiz a été pris 99 fois
  • Le résultat moyen est 18 sur 30
Statistiques - réponses
Hint Réponse % Correct
God of ... III War
92%
Red ... Redemption Dead
91%
Call of Duty: ... Ops Black
90%
Mass ... 2 Effect
82%
Super Mario ... 2 Galaxy
79%
Assassin's Creed: ... Brotherhood
74%
Bio... 2 Shock
74%
... Wake Alan
69%
... the Rope Cut
69%
Heavy ... Rain
69%
Mirror's ... Edge
65%
Fallout: New ... Vegas
64%
... Chronicles Xenoblade
64%
... Party Wii
63%
Battlefield: Bad ... 2 Company
60%
Track... Wii Mania
60%
Sider Meier's ... V Civilization
59%
Need for Speed: ... Pursuit Hot
59%
Metro ... 2033
58%
...siders Dark
55%
Super ... Boy Meat
54%
Donkey Kong ... Returns Country
53%
...: Reach Halo
50%
...: The Dark Descent Amnesia
47%
... : Au fil de l'aventure Kirby
44%
Epic ... Mickey
41%
World of Warcraft: ... Cataclysm
40%
... Limbo
35%
Castlevania: ... of Despair Harmony
27%
Guitar Hero: ... of Rock Warriors
24%
Aucun quiz correspondant
Distribution des résultats
% des personnes avec chaque résultat
Percentile par nombre de réponses
Votre historique - résultats
Vous n’avez pas pris ce quiz